A tudás felmérése, vizsgák és értékelésük
Elmentve itt :
| Szerző: | |
|---|---|
| Dokumentumtípus: | Könyv |
| Kulcsszavak: | orvostudomány oktatás orvosképzés pedagógiai értékelés |
| Tárgyszavak: | |
| Online Access: | http://eta.bibl.u-szeged.hu/1086 |
| LEADER | 00957nnm a2200253 i 4500 | ||
|---|---|---|---|
| 001 | eta1086 | ||
| 005 | 20190424095520.0 | ||
| 008 | 181123suuuu hu o 0|| hun d | ||
| 040 | |a SZTE Elektronikus Tananyag Archívum |b hun | ||
| 041 | |a hun | ||
| 100 | 1 | |a Tornóci László | |
| 245 | 1 | 2 | |a A tudás felmérése, vizsgák és értékelésük |h [elektronikus dokumentum] / |c Tornóci László |
| 300 | |a 15 | ||
| 516 | |a Book | ||
| 650 | 4 | |a Orvos- és egészségtudomány | |
| 650 | 4 | |a Társadalomtudományok | |
| 650 | 4 | |a Oktatástudomány | |
| 695 | |a orvostudomány | ||
| 695 | |a oktatás | ||
| 695 | |a orvosképzés | ||
| 695 | |a pedagógiai értékelés | ||
| 856 | 4 | 0 | |u https://eta.bibl.u-szeged.hu/1086/1/08_tornoci_laszlo_tudas_felmerese.pdf |z Dokumentum-elérés |
| 856 | 4 | 0 | |u https://eta.bibl.u-szeged.hu/1086/2/08_tornoci_laszlo.mpg |z Dokumentum-elérés |
| 856 | 4 | 0 | |u https://eta.bibl.u-szeged.hu/1086/7/tornoci_laszlo_bemutatkozas.mpg |z Dokumentum-elérés |